Normal view
MARC view
- فلسطين- الأردن-تاريخ
Entry Topical Term
001 - CONTROL NUMBER
- control field: 58644
003 - CONTROL NUMBER IDENTIFIER
- control field: JO-AjAnu
005 - DATE AND TIME OF LATEST TRANSACTION
- control field: 20230606083609.0
008 - FIXED-LENGTH DATA ELEMENTS
- fixed length control field: 230606|| aca||aabn | a|a d
040 ## - CATALOGING SOURCE
- Original cataloging agency: JO-AjAnu
- Transcribing agency: JO-AjAnu
150 ## - HEADING--TOPICAL TERM
- Topical term or geographic name entry element: فلسطين- الأردن-تاريخ
670 ## - SOURCE DATA FOUND
- Source citation: Work cat.: (JO-AjAnu)29913: اعداد الداوود، جورج فريد طريف, author 58643, جوانب من تاريخ الأردن وفلسطين خلال القرنين التاسع عشر والعشرين الميلاديين( اوراق عمل فدمت في ندوات ومؤتمرات خلال الفترة 2011-2017م)، ج2